Un chico valiente como yo / (Record no. 27261)
[ view plain ]
| 000 -LEADER | |
|---|---|
| fixed length control field | 00923cam a2200289Ia 4500 |
| 001 - CONTROL NUMBER | |
| control field | 27110219 |
| 003 - CONTROL NUMBER IDENTIFIER | |
| control field | OCoLC |
| 005 - DATE AND TIME OF LATEST TRANSACTION | |
| control field | 20220726213649.0 |
| 008 - FIXED-LENGTH DATA ELEMENTS--GENERAL INFORMATION | |
| fixed length control field | 921211s1992 sp a j 000 1 spa d |
| 020 ## - INTERNATIONAL STANDARD BOOK NUMBER | |
| International Standard Book Number | 8426126588 : |
| Terms of availability | $12.20 |
| 020 ## - INTERNATIONAL STANDARD BOOK NUMBER | |
| International Standard Book Number | 9788426126580 |
| 040 ## - CATALOGING SOURCE | |
| Original cataloging agency | ZQP |
| Transcribing agency | ZQP |
| 041 1# - LANGUAGE CODE | |
| Language code of text/sound track or separate title | spa |
| Language code of original | eng |
| 092 ## - LOCALLY ASSIGNED DEWEY CALL NUMBER (OCLC) | |
| Classification number | J SPA PICTURE BOOK |
| 100 1# - MAIN ENTRY--PERSONAL NAME | |
| Personal name | Wilhelm, Hans. |
| 240 10 - UNIFORM TITLE | |
| Uniform title | <a href="Cool kid-- like me.">Cool kid-- like me.</a> |
| Language of a work | Spanish. |
| 245 13 - TITLE STATEMENT | |
| Title | Un chico valiente como yo / |
| Statement of responsibility, etc. | Hans Wilhelm. |
| 246 ## - VARYING FORM OF TITLE | |
| Title proper/short title | Un chico valiente como yo |
| 246 ## - VARYING FORM OF TITLE | |
| Title proper/short title | Un chico como yo |
| 260 ## - PUBLICATION, DISTRIBUTION, ETC. (IMPRINT) | |
| Place of publication, distribution, etc. | Barcelona, Spain : |
| Name of publisher, distributor, etc. | Editorial Juventud, |
| Date of publication, distribution, etc. | 1992. |
| 300 ## - PHYSICAL DESCRIPTION | |
| Extent | [31] p. : |
| Other physical details | col. ill. ; |
| Dimensions | 19 x 23 cm. |
| 500 ## - GENERAL NOTE | |
| General note | Translation of: A cool kid--like me! |
| 520 ## - SUMMARY, ETC. | |
| Summary, etc. | A young boy who is "cool" on the outside has some inner fears that he expresses to his grandmother. |
| 650 #1 - SUBJECT ADDED ENTRY--TOPICAL TERM | |
| Topical term or geographic name as entry element | Self-confidence |
| Form subdivision | Fiction. |
| 650 #1 - SUBJECT ADDED ENTRY--TOPICAL TERM | |
| Topical term or geographic name as entry element | Grandmothers |
| Form subdivision | Fiction. |
| 942 ## - ADDED ENTRY ELEMENTS (KOHA) | |
| Koha item type | Libro/Book |
| Withdrawn status | Lost status | Damaged status | Not for loan | Home library | Current library | Shelving location | Date acquired | Inventory number | Total Checkouts | Full call number | Barcode | Date last seen | Date checked out | Price effective from | Koha item type | Checked out | Total Renewals |
|---|---|---|---|---|---|---|---|---|---|---|---|---|---|---|---|---|---|
| San Juan Del Sur -- Mobile | Collado | 09/02/2023 | Inventory date: 1-2-25 | 1 | JI | 30029572 | 10/03/2026 | 10/03/2026 | 09/02/2023 | Libro/Book | 14/04/2026 | ||||||
| San Juan Del Sur -- Mobile | El Baston | 27/02/2025 | Inventory date: 27-2-25 | 1 | JI | 33017088 | 31/03/2026 | 31/03/2026 | 27/02/2025 | Libro/Book | 05/05/2026 | ||||||
| San Juan Del Sur -- Mobile | El coco | 09/02/2023 | Inventory date: 1-2-25 | 1 | JI | 30029574 | 11/03/2026 | 11/03/2026 | 09/02/2023 | Libro/Book | 15/04/2026 | ||||||
| San Juan Del Sur -- Mobile | Pochote | 13/01/2024 | 6 | JI | 33017085 | 17/03/2026 | 17/03/2026 | 13/01/2024 | Libro/Book | 21/04/2026 | 1 | ||||||
| San Juan Del Sur -- Biblioteca | San Juan Del Sur -- Biblioteca | Children's Area | 22/06/2022 | Checked out from 2022- Feb 2025 | 3 | JC | 30028694 | 22/11/2025 | 17/11/2022 | 22/06/2022 | Libro/Book | ||||||
| San Juan Del Sur -- Mobile | San Juan Del Sur -- Mobile | 31/12/2022 | Inventory date: 27-2-25 | 6 | JI | 33017079 | 06/11/2024 | 02/10/2024 | 31/12/2022 | Libro/Book | |||||||
| San Juan Del Sur -- Mobile | San Juan Del Sur -- Mobile | 31/12/2022 | Inventory date: 27-2-25 | 6 | JI | 33017072 | 06/11/2024 | 02/10/2024 | 31/12/2022 | Libro/Book | |||||||
| San Juan Del Sur -- Mobile | San Juan Del Sur -- Mobile | 31/12/2022 | Inventory date: 27-2-25 | 3 | JI | 33017122 | 13/11/2024 | 13/06/2024 | 31/12/2022 | Libro/Book | |||||||
| San Juan Del Sur -- Mobile | San Juan Del Sur -- Mobile | 09/02/2023 | Inventory date: 1-2-25 | JI | 30029573 | 09/02/2023 | 09/02/2023 | Libro/Book | |||||||||
| San Juan Del Sur -- Mobile | San Juan Del Sur -- Mobile | 13/01/2024 | Inventory date: 10-2-25 | 1 | JI | 33017097 | 13/02/2024 | 13/02/2024 | 13/01/2024 | Libro/Book | |||||||
| San Juan Del Sur -- Mobile | San Juan Del Sur -- Mobile | 05/02/2024 | Inventory date: 27-2-25 | 6 | JI | 33017099 | 07/11/2024 | 30/10/2024 | 05/02/2024 | Libro/Book |